000 00611nam a2200229Ia 4500
003 OSt
005 20220924134050.0
006 a|||||r|||| 00| 0
007 ta
008 220923b |||||||| |||| 00| 0 ben d
024 _a272001
037 _cTextual
040 _aARTS
_cARTS
_bben
041 _2ben
_aben
082 _aO157,1K17,2, K6
100 _aBhattacharya Bijanbihari
_9207977
245 0 _aChandi mongal
_b Dhanpoti upakhan
260 _c1966
650 _aBENGALI LITERATURE
942 _hO157,1K17,2, K6
_cTEXL
_2CC
999 _c436250
_d436250